<?xml version="1.0" encoding="UTF-8"?>
<marc:record xmlns:marc="http://www.loc.gov/MARC21/slim">
   <marc:leader>00000nam a2200000 a 4500</marc:leader>
   <marc:datafield ind1="1" ind2=" " tag="100">
      <marc:subfield code="a">Castillo, Javier</marc:subfield>
      <marc:subfield code="4">aut</marc:subfield>
      <marc:subfield code="e">Verfasser/-in</marc:subfield>
   </marc:datafield>
   <marc:datafield ind1="0" ind2="0" tag="245">
      <marc:subfield code="a">Das Spiel der Seelen - Keiner kann entkommen</marc:subfield>
   </marc:datafield>
   <marc:datafield ind1="0" ind2="0" tag="245">
      <marc:subfield code="b">Thriller</marc:subfield>
   </marc:datafield>
   <marc:datafield ind1="0" ind2="0" tag="245">
      <marc:subfield code="c">Javier Castillo ; aus dem Spanischen von Sybille Martin</marc:subfield>
   </marc:datafield>
   <marc:datafield ind1=" " ind2="1" tag="264">
      <marc:subfield code="a">München</marc:subfield>
      <marc:subfield code="b">Goldmann</marc:subfield>
      <marc:subfield code="c">2025</marc:subfield>
   </marc:datafield>
   <marc:datafield ind1=" " ind2=" " tag="250">
      <marc:subfield code="a">Deutsche Erstausgabe</marc:subfield>
   </marc:datafield>
   <marc:datafield ind1="1" ind2=" " tag="520">
      <marc:subfield code="a">Der neue Nr. 1-Bestseller von Spaniens Superstar Javier Castillo – endlich auf Deutsch!&#xD;
&#xD;
New York 2011. Zunächst war es nur ein Vermisstenfall. Dann findet man die fünfzehnjährige Allison in einer Kirche – tot an einem Kreuz. Zeitgleich erhält die Journalistin Miren Triggs das Polaroidfoto eines gefesselten und geknebelten Mädchens. Gina Pebbles, 2002, steht darunter. Schnell findet Miren heraus, dass Gina seit zehn Jahren vermisst wird. Gemeinsam mit ihrem ehemaligen Professor Jim Schmoer geht sie beiden Fällen nach und findet eine Spur, die zu einer streng religiösen Schule führt. Doch was ist mit dem Mädchen auf dem Foto passiert? Wer hat Miren das Bild geschickt? Und wie hängen die beiden Fälle zusammen?&#xD;
&#xD;
Der zweite Fall für Investigativjournalistin Miren Triggs – atemberaubende Spannung vom »spanischen Stephen King« (ABC)&#xD;
»Javier Castillo ist ohne Zweifel das große neue Phänomen in der europäischen Literatur.« Joël Dicker&#xD;
»Der Meister des spanischen Thrillers, der alle Rekorde bricht.« Forbes&#xD;
»Fesselt den Leser vom ersten Satz an.« El País</marc:subfield>
   </marc:datafield>
   <marc:datafield ind1=" " ind2=" " tag="020">
      <marc:subfield code="a">9783442495818</marc:subfield>
      <marc:subfield code="9">9783442495818</marc:subfield>
   </marc:datafield>
   <marc:datafield ind1=" " ind2=" " tag="020">
      <marc:subfield code="a">3442495814</marc:subfield>
      <marc:subfield code="9">3442495814</marc:subfield>
   </marc:datafield>
   <marc:datafield ind1=" " ind2=" " tag="041">
      <marc:subfield code="a">ger</marc:subfield>
   </marc:datafield>
   <marc:datafield ind1=" " ind2=" " tag="300">
      <marc:subfield code="a">461 Seiten</marc:subfield>
   </marc:datafield>
</marc:record>
